<?xml version="1.0" encoding="UTF-8"?>
<record
    xmlns:xsi="http://www.w3.org/2001/XMLSchema-instance"
    xsi:schemaLocation="http://www.loc.gov/MARC21/slim http://www.loc.gov/standards/marcxml/schema/MARC21slim.xsd"
    xmlns="http://www.loc.gov/MARC21/slim">

  <leader>00909nam a2200205 i 4500</leader>
  <controlfield tag="001">40027</controlfield>
  <controlfield tag="003">ES-MaACL</controlfield>
  <controlfield tag="005">20251002202455.0</controlfield>
  <controlfield tag="007">t|</controlfield>
  <controlfield tag="008">030304s1955    sp           ||||1| spa d</controlfield>
  <datafield tag="100" ind1="0" ind2=" ">
    <subfield code="a">Carranza y G&#xF3;mez, Ram&#xF3;n de, </subfield>
    <subfield code="c">Marqu&#xE9;s de Soto Hermoso</subfield>
    <subfield code="9">35514</subfield>
  </datafield>
  <datafield tag="245" ind1="1" ind2="0">
    <subfield code="a">Discursos le&#xED;dos por los Excelent&#xED;simos Se&#xF1;ores Ram&#xF3;n de Carranza y Jos&#xE9; Hern&#xE1;ndez D&#xED;az en la recepci&#xF3;n p&#xFA;blica del primero como acad&#xE9;mico numerario, celebrada el 19 de noviembre de 1955.</subfield>
  </datafield>
  <datafield tag="260" ind1=" " ind2=" ">
    <subfield code="a">Sevilla : </subfield>
    <subfield code="b">[s.n., </subfield>
    <subfield code="c">1955] (</subfield>
    <subfield code="f">Imp. Provincial)</subfield>
  </datafield>
  <datafield tag="300" ind1=" " ind2=" ">
    <subfield code="a">36 p., 3 l&#xE1;m. ; </subfield>
    <subfield code="c">22 cm.</subfield>
  </datafield>
  <datafield tag="500" ind1=" " ind2=" ">
    <subfield code="a">Precede al t&#xED;t.: Real Academia de Bellas Artes de Santa Isabel de Hungr&#xED;a.</subfield>
  </datafield>
  <datafield tag="700" ind1="1" ind2=" ">
    <subfield code="a">Hern&#xE1;ndez D&#xED;az, Jos&#xE9;, </subfield>
    <subfield code="d">1906-1998</subfield>
    <subfield code="9">62929</subfield>
  </datafield>
  <datafield tag="710" ind1="2" ind2=" ">
    <subfield code="a">Real Academia de Bellas Artes de Santa Isabel de Hungr&#xED;a.</subfield>
    <subfield code="9">6295</subfield>
  </datafield>
  <datafield tag="852" ind1=" " ind2=" ">
    <subfield code="a">ES-MaACL</subfield>
    <subfield code="j">1966-F-19 </subfield>
    <subfield code="b">R.39031</subfield>
  </datafield>
  <datafield tag="999" ind1=" " ind2=" ">
    <subfield code="c">40027</subfield>
    <subfield code="d">40027</subfield>
  </datafield>
  <datafield tag="952" ind1=" " ind2=" ">
    <subfield code="0">0</subfield>
    <subfield code="1">0</subfield>
    <subfield code="4">0</subfield>
    <subfield code="7">0</subfield>
    <subfield code="8">Colecci&#xF3;n_de_folletos</subfield>
    <subfield code="a">ATENEOM</subfield>
    <subfield code="b">ATENEOM</subfield>
    <subfield code="c">DEPOF</subfield>
    <subfield code="d">2008-01-17</subfield>
    <subfield code="e">SC</subfield>
    <subfield code="l">0</subfield>
    <subfield code="o">1966-F-19</subfield>
    <subfield code="p">1042144</subfield>
    <subfield code="r">2023-02-23 00:00:00</subfield>
    <subfield code="w">2023-02-23</subfield>
    <subfield code="y">FOLLETOS</subfield>
  </datafield>
</record>
